=LDR 00000nam 2200000 4500 =001 NUTBA000000000000600 =005 20140326104933.0 =006 =007 =008 =020 ##$$a 978-979-24-2647-2 =035 ##$$a 0010-031400000000599 =082 ##$$a 2x3 =100 ##$$a prof. dr. umar bin abdul azis quraisyi =245 ##$$a hadits shahih yang disalapahami =260 ##$$a pustaka at-tazkia =300 ##$$a x+254 hlm $c 23 cm =850 ##$$a NBPN MAT =990 ##$$a 21196097/BPAP-NTB/2014